| 000 | 00757nam a22002297a 4500 | ||
|---|---|---|---|
| 999 |
_c13742 _d13742 |
||
| 003 | AR-CdUCM | ||
| 008 | 190416b ||||| |||| 00| 0 spa d | ||
| 040 |
_aMUNICIPALIDAD PROVINCIAL DEL CUSCO _cBIBLIOTECA MUNICIPAL DEL CUSCO |
||
| 082 |
_aC / 362 / _bER75 |
||
| 110 |
_aSNEM _932263 |
||
| 245 | _aLa erradicación del paludismo: un reto en el mundo / | ||
| 260 |
_aPerú : _bMinisterio de salud publica, _c1960. |
||
| 300 |
_a34 paginas ; _bIlustraciones, _c22 cm. |
||
| 505 | _aContenido : Salud Publica | ||
| 650 |
_aMalaria _932264 |
||
| 650 |
_aPaludismo _932265 |
||
| 650 |
_aEnfermedades _95611 |
||
| 650 |
_aPerú _935 |
||
| 710 |
_aMinisterio de salud publica y asistencia social _932266 |
||
| 942 |
_2ddc _cFOLLETOS |
||
| 945 |
_awnts _d2019-04-16 |
||